000 00603nam a22001937a 4500
005 20100809134835.0
010 _aENG-99035
020 _a9789380173276
_c150.00
035 _aEN-82567
037 _bDBAD/PUB
082 _a954
100 _aNapoleon, Pon. K.
_99830
245 _aThe great Indians /
_cby Pon. K. Napoleon
260 _aKoradacherry
_bAruma Pathigagam
_c2009
270 _a35 Gandhi Colony
_bKoradacherry
_e613703
300 _aiv,146p.
_c21cm (pbK)
942 _2ddc
_cEN
_k954
_mNAP
999 _c40348
_d40348